|
|
|
|
| LEADER |
01079nam a2200289Ia 4500 |
| 001 |
TVU_32050 |
| 008 |
210423s9999 xx 000 0 und d |
| 041 |
|
|
|a Vie
|
| 082 |
|
|
|a 635.04
|
| 082 |
|
|
|b D513
|
| 100 |
|
|
|a Nguyễn, Xuân Ngọc Dung
|
| 245 |
|
0 |
|a Các yếu tố ảnh hưởng đến quyết định trồng rau an toàn của nông hộ trên địa bàn thành phố Trà Vinh
|
| 245 |
|
0 |
|b Luận văn thạc sĩ. Chuyên ngành: Quản lý Kinh tế. Mã ngành: 8340410
|
| 245 |
|
0 |
|c Nguyễn Xuân Ngọc Dung ; Phạm Văn Tài (hướng dẫn khoa học)
|
| 260 |
|
|
|a Trà Vinh
|
| 260 |
|
|
|b Trường Đại học Trà Vinh
|
| 260 |
|
|
|c 2019
|
| 300 |
|
|
|a ix, 56 tr.
|
| 300 |
|
|
|b minh họa màu
|
| 300 |
|
|
|c 30 cm
|
| 504 |
|
|
|a Thư mục: tr.55-56
|
| 650 |
|
|
|a Trồng rau; Rau sạch
|
| 700 |
|
|
|a Nguyễn Xuân Ngọc Dung; Phạm Văn Tài
|
| 700 |
|
|
|e hướng dẫn khoa học
|
| 710 |
|
|
|a Ủy ban Nhân dân tỉnh Trà Vinh
|
| 710 |
|
|
|b Trường Đại học Trà Vinh
|
| 980 |
|
|
|a Trung tâm Học liệu Trường Đại học Trà Vinh
|